Statistics for Tall Actors and Actresses

Click here to take the quiz!

General Stats

  • This quiz has been taken 483 times
  • The average score is 9 of 22

Answer Stats

HintHeightAnswer% Correct
Oskar Schindler,
"Schindler's List"
6' 4"Liam Neeson
79%
"Superman"6' 4"Christopher Reeve
76%
George Bailey,
"It's a Wonderful Life"
6' 3"James Stewart
64%
Magnum, P.I.6' 4"Tom Selleck
64%
Mitch Buchannon, "Baywatch"6' 5"David Hasselhoff
63%
Atticus Finch, "To Kill a Mockingbird"6' 3"Gregory Peck
63%
The Duke6' 4"John Wayne
55%
Clark Griswold in the "Vacation" series6' 4"Chevy Chase
54%
Replaced Jay Leno,
and vice versa
6' 4"Conan O'Brien
46%
Nigel Fawlty in "Fawlty Towers"6' 5"John Cleese
45%
President Snow,
"The Hunger Games"
6' 4"Donald Sutherland
44%
Fezzik in "The Princess Bride"7' 4"Andre the Giant
42%
Count Dooku,
"Star Wars, Episode II"
6' 5"Christopher Lee
36%
The Man With No Name6' 4"Clint Eastwood
30%
"Babe" 's almost-silent owner,
Farmer Hoggett
6' 7"James Cromwell
17%
Matt Dillon in "Gunsmoke"6' 7"James Arness
16%
"Everybody Loves Raymond"s
"big" brother
6' 8"Brad Garrett
16%
Chewbacca7' 3"Peter Mayhew
16%
Darth Vader6' 7"David Prowse
15%
TV's "Daniel Boone"6' 5"Fess Parker
13%
"Nuke" LaLoosh6' 5"Tim Robbins
10%
As "Jaws", had steel teeth
in James Bond films
7' 2"Richard Kiel
10%

Score Distribution

Percentile by Number Answered

Percent of People with Each Score

Your Score History

You have not taken this quiz